Arte de escripta
Saved in:
| Main Author: | |
|---|---|
| Format: | Unknown |
| Language: | Portuguese |
| Published: |
Lisboa
Imprensa Nacional
1903
|
| Edition: | nova ed. melhorada |
| Textbook Catalogue: | MANES: Library Catalog Search Result |
| Textbook Classification: |
|
| Tags: |
Add Tag
No Tags, Be the first to tag this record!
|
| Added to: | 2016-04-26 |
| Changed in: | 2025-04-25 |
MARC
| LEADER | 000000000a22000000004500 | ||
|---|---|---|---|
| 001 | 37095 | ||
| 003 | OSt | ||
| 005 | 20250425110802.0 | ||
| 008 | 160427s po ||||| |||| 00| 0 por d | ||
| 041 | |a Portugués | ||
| 561 | |5 pt-MJD |a Portugal. Museu João de Deus |k MANES | ||
| 691 | |a PRI | ||
| 100 | 1 | |a João de Deus |9 19096 | |
| 245 | 0 | 0 | |a Arte de escripta |
| 250 | |a nova ed. melhorada | ||
| 260 | 3 | |a Lisboa |b Imprensa Nacional |c 1903 | |
| 300 | |c 21 cm | ||
| 500 | |a 9 cadernos |a Registro Topográfico: 8602 | ||
| 690 | |a EyL | ||
| 942 | |2 ddc |c BK | ||
| 546 | |a Portugal | ||
| 999 | |c 40554 |d 40554 | ||
| 999 | |c manes:40554 |d 40554 | ||